Grunge Musicians by Picture - Statistics

General Stats
  • This quiz has been taken 398 times
    377 since last reset
  • The average score is 10 of 23
Answer Stats
Picture Answer % Correct
Kurt Cobain
97%
Dave Grohl
94%
Chris Cornell
83%
Courtney Love
82%
Eddie Vedder
77%
Layne Staley
70%
Billy Corgan
65%
Krist Novoselic
54%
Jerry Cantrell
46%
Scott Weiland
39%
Matt Cameron
25%
Andrew Wood
24%
Kim Thayil
24%
James Iha
23%
Gavin Rossdale
22%
Mark Lanegan
22%
Buzz Osborne
19%
Shannon Hoon
19%
Stone Gossard
19%
Mark Arm
18%
Daniel Johns
17%
Tad Doyle
13%
J Mascis
9%
No matching quizzes found
Score Distribution
Percent of People with Each Score
Percentile by Number Answered
Your Score History
You have not taken this quiz since the last reset